000 00373nam a22001457a 4500
003 OSt
005 20211231145052.0
008 211231b |||||||| |||| 00| 0 eng d
020 _a0387988157
040 _cHU
082 _a006.37
100 _aDat
_924018
245 _aData Segmentation & Model Selection For Computer Vision A Statistica Approach
942 _2ddc
_cBOOKS
_n0
999 _c25580
_d25580